عرض عادي
عرض مارك
- العبادات.
مدخل مصطلح موضوعي
001 - رقم الضبط
- حقل الضبط: 98956
003 - معرف رقم الضبط
- حقل الضبط: OSt
005 - تاريخ ووقت أخر عملية
- حقل الضبط: 20220828145915.0
008 - عناصر بيانات ثابتة الطول
- حقل تحكم ثابت الطول: 220828|| aca||aabn | a|a d
040 ## - مصدر الفهرسة
- هيئة الفهرسة الأصلية: OSt
- وكالة الكتابة: OSt
150 ## - مدخل-- مصطلح تاريخي
- عنصر مدخل المصطلح الموضوعي او الاسم الجغرافي: العبادات.
670 ## - بيانات المصدر موجوده
- الاستشهاد بالمصدر: Work cat.: (OSt): الشاه، محمد الأمين. 98954, التذكرة مقاربة فقهية /, 2010
